Normal view
MARC view
- Fausett, Laurene V.
Entry Personal Name
001 - CONTROL NUMBER
- control field: 70
003 - CONTROL NUMBER IDENTIFIER
- control field: Nust
005 - DATE AND TIME OF LATEST TRANSACTION
- control field: 20170505124113.0
008 - FIXED-LENGTH DATA ELEMENTS
- fixed length control field: 170505|| aca||aabn | a|a d
040 ## - CATALOGING SOURCE
- Original cataloging agency: Nust
- Transcribing agency: Nust
100 ## - HEADING--PERSONAL NAME
- Personal name: Fausett, Laurene V.
670 ## - SOURCE DATA FOUND
- Source citation: Work cat.: (Nust)0: Fausett, Laurene V., Numerical methods using MathCAD /, 2002.
